| 000 | 00660nam a2200217 i 4500 | ||
|---|---|---|---|
| 005 | 20250217033518.0 | ||
| 008 | 981118s1985 pl |000 j pol | ||
| 015 | _aPB 7672/85 | ||
| 020 | _a8308014518 | ||
| 040 |
_aWA N _cWA N _bpol |
||
| 080 | _a884-3 | ||
| 100 | 1 |
_aBystrzycki, Przemysław _d(1923-2004). |
|
| 245 | 1 | 0 |
_a"Ponar" i inne opowiadania / _cPrzemysław Bystrzycki. |
| 260 |
_aKraków ; _aWrocław : _bWydaw. Literackie, _c1985. |
||
| 300 |
_a157, [3] s. ; _c20 cm. |
||
| 500 | _aEgzemplarz opatrzony dedykacją autora. | ||
| 655 | 4 |
_aOpowiadanie polskie _y20 w. |
|
| 997 | _ajs | ||
| 710 | 2 |
_aWydawnictwo Literackie. _4pbl. |
|
| 942 |
_2udc _cBK |
||
| 999 |
_c72799 _d72799 |
||